[Event "It (open)"]
[Site "Montreal (Canada)"]
[Round "9"]
[White "Berezovich Mikhail (RUS)"]
[Black "Soudre Nicolas (CAN)"]
[Result "0-1"]
[WhiteElo "2139"]
[BlackElo "2111"]

1.e4 e6 2.d4 d5 3.Nd2 Nf6 4.e5 Nfd7 5.Bd3 c5 6.c3 cxd4 7.cxd4 Nc6 8.Ne2 Qb6
9.Nf3 f6 10.exf6 Nxf6 11.O-O Bd6 12.Nc3 O-O 13.Be3 Bd7 14.Qd2 Qd8 15.Rae1 Qe8
16.Bf4 Bxf4 17.Qxf4 Qh5 18.Ng5 Ne4 {#R} 0-1

[Event "Ch World (juniors) (under 14)"]
[Site "Oropesa (Spain)"]
[Round "1"]
[White "Zhao Jun (CHN)"]
[Black "Carvajal Jonathan (CRC)"]
[Result "1-0"]
[WhiteElo "2431"]
[BlackElo "2177"]

1.e4 e6 2.d4 d5 3.Nd2 Nf6 4.e5 Nfd7 5.Bd3 c5 6.c3 Nc6 7.Ne2 cxd4 8.cxd4 Qb6
9.Nf3 f6 10.exf6 Nxf6 11.O-O Bd6 12.Re1 O-O 13.Nf4 Ne4 14.g3 Bb4 15.Bxe4 Bxe1
16.Bxh7+ Kh8 17.Ng5 Rxf4 18.Bxf4 Bxf2+ 19.Kh1 Qxb2 20.Rb1 {#r} 1-0

[Event "It (d)"]
[Site "Paretana (Spain)"]
[Round "6"]
[White "Alonso Moyano Jonathan (ESP)"]
[Black "Yepes Martinez Eduard (ESP)"]
[Result "0-1"]
[WhiteElo "2225"]
[BlackElo "2254"]

1.e4 e6 2.d4 d5 3.Nd2 Nf6 4.e5 Nfd7 5.Bd3 c5 6.c3 Nc6 7.Ne2 cxd4 8.cxd4 f6
9.exf6 Nxf6 10.Nf3 Bd6 11.O-O Qc7 12.Bg5 O-O 13.Rc1 Bd7 14.Qc2 Be8 15.h3 Rc8
16.Qb1 h6 17.Be3 Bh5 18.g4 Nxg4 19.hxg4 Rxf3 20.gxh5 Qe7 21.Kg2 Rff8 22.Ng3
Qh4 23.Bh7+ Kh8 24.Qd3 Ne7 {#R} 0-1

[Event "It (open)"]
[Site "Passau (Germany)"]
[Round "4"]
[White "Auer Hans"]
[Black "Skopetz Friedrich (AUT)"]
[Result "1-0"]
[WhiteElo "1905"]
[BlackElo "1902"]

1.e4 e6 2.d4 d5 3.Nd2 Nf6 4.e5 Nfd7 5.Bd3 c5 6.c3 Nc6 7.Ne2 cxd4 8.cxd4 f6
9.f4 fxe5 10.fxe5 Nxd4 11.O-O Nxe5 12.Nxd4 Nxd3 13.Qf3 Ne5 14.Qh5+ Ng6 15.N2f3
Bc5 16.Be3 O-O 17.Ng5 Rxf1+ 18.Rxf1 Nf8 19.Rxf8+ {#r} 1-0

[Event "Ch France (juniors)"]
[Site "Pau (France)"]
[Round "4"]
[White "Sorbe Stephane (FRA)"]
[Black "Buffe Fabrice (FRA)"]
[Result "1-0"]
[WhiteElo "2145"]
[BlackElo "2140"]

1.e4 e6 2.d4 d5 3.Nd2 Nf6 4.e5 Nfd7 5.Bd3 c5 6.c3 Nc6 7.Ne2 cxd4 8.cxd4 f6
9.Nf4 Nxd4 10.Qh5+ Ke7 11.Ng6+ hxg6 12.exf6+ Nxf6 13.Qxh8 Kf7 14.Qh4 e5 15.Nf3
Nxf3+ 16.gxf3 Bb4+ 17.Qxb4 {#r} 1-0

[Event "It (open)"]
[Site "Recklinghausen (Germany)"]
[Round "1"]
[White "Kedziora Claus (GER)"]
[Black "Bauch Ralf (GER)"]
[Result "1-0"]
[WhiteElo "2215"]
[BlackElo "2069"]

1.e4 e6 2.d4 d5 3.Nd2 Nf6 4.e5 Nfd7 5.Bd3 c5 6.c3 Nc6 7.Ne2 cxd4 8.cxd4 f6
9.exf6 Nxf6 10.Nf3 Bd6 11.O-O O-O 12.Bf4 Bxf4 13.Nxf4 Ng4 14.Qd2 Qd6 15.g3 e5
16.dxe5 Qh6 17.h4 g5 18.Nxg5 Ngxe5 19.Bxh7+ {#r} 1-0

[Event "It (active)"]
[Site "Revelionul (Romania)"]
[Round "0"]
[White "Cristian Gheorghe"]
[Black "Popescu Daniel Dorin (ROM)"]
[Result "0-1"]
[WhiteElo "1770"]
[BlackElo "2353"]

1.e4 e6 2.d4 d5 3.Nd2 Nf6 4.e5 Nfd7 5.Bd3 c5 6.c3 Nc6 7.Ne2 cxd4 8.cxd4 f6
9.exf6 Nxf6 10.Nf3 Bd6 11.O-O Qc7 12.Nc3 a6 13.Bg5 O-O 14.Re1 Ng4 15.h3 Bh2+
16.Kf1 Nxf2 17.Kxf2 Qg3+ 18.Ke2 Rxf3 19.gxf3 Qg2+ 20.Ke3 Qxg5+ {#R} 0-1

[Event "Ch Russia (juniors) (team)"]
[Site "Rybinsk (Russia)"]
[Round "0"]
[White "Zakirova Elina (RUS)"]
[Black "Mokhova Kristina (RUS)"]
[Result "0-1"]
[WhiteElo "2129"]
[BlackElo "2165"]

1.e4 e6 2.d4 d5 3.Nd2 Nf6 4.e5 Nfd7 5.Bd3 c5 6.c3 Nc6 7.Ne2 cxd4 8.cxd4 f6
9.Nf4 Nxd4 10.Qh5+ Ke7 11.Ng6+ hxg6 12.Qxh8 Nxe5 13.Bb1 Qc7 14.Kd1 Bd7 15.Qh3
Rc8 16.Qc3 Qb6 17.Qh3 Bb5 18.Nb3 Nxb3 19.Qxb3 Qd4+ {#R} 0-1

[Event "Ch Ukraine"]
[Site "Sevastopol (Ukraine)"]
[Round "6"]
[White "Fedorchuk Sergey A (UKR)"]
[Black "Firman Nazar (UKR)"]
[Result "1-0"]
[WhiteElo "2408"]
[BlackElo "2361"]

1.e4 e6 2.d4 d5 3.Nd2 Nf6 4.e5 Nfd7 5.Bd3 c5 6.c3 Nc6 7.Ne2 cxd4 8.cxd4 f6
9.exf6 Nxf6 10.Nf3 Bd6 11.O-O Qc7 12.Bg5 O-O 13.Bh4 g6 14.Bg3 Bxg3 15.hxg3 Qg7
16.Qd2 Bd7 17.Rac1 Rad8 18.Rfe1 Rde8 19.Bb5 Ne4 20.Qe3 e5 21.Bxc6 exd4
22.Bxd5+ {#r} 1-0

[Event "Ch Slovakia (team) 1999/00 (2 liga) (d)"]
[Site "Slovakia"]
[Round "11"]
[White "Zambor Norbert (SVK)"]
[Black "Hagara Eduard (SVK)"]
[Result "1-0"]
[WhiteElo "2240"]
[BlackElo "2373"]

1.e4 e6 2.d4 d5 3.Nd2 Nf6 4.e5 Nfd7 5.Bd3 c5 6.c3 Nc6 7.Ne2 Qb6 8.Nf3 cxd4
9.cxd4 Be7 10.O-O O-O 11.Nf4 g6 12.Bb1 Nd8 13.Qd3 Re8 14.h4 Nf8 15.h5 Qa6
16.Qe3 f5 17.exf6 Bxf6 18.hxg6 h6 19.Nh5 Nd7 20.Qxh6 Re7 21.g7 Bxg7 22.Qh7+
Kf8 23.Nxg7 {#r} 1-0

[Event "Ch Slovakia (team) 2000/01 (2 liga) (a)"]
[Site "Slovakia"]
[Round "3"]
[White "Mikulas Dusan (SVK)"]
[Black "Szitkey Milan (SVK)"]
[Result "0-1"]
[WhiteElo "2211"]
[BlackElo "2224"]

1.e4 e6 2.d4 d5 3.Nd2 Nf6 4.e5 Nfd7 5.Bd3 c5 6.c3 Nc6 7.Ndf3 Qb6 8.Ne2 cxd4
9.cxd4 f6 10.exf6 Nxf6 11.O-O Bd6 12.a3 O-O 13.b4 e5 14.dxe5 Nxe5 15.Nxe5 Bxe5
16.Be3 Qc7 17.Rc1 Bxh2+ 18.Kh1 Qe5 19.g3 Bg4 20.f3 Qxe3 21.Kxh2 Bxf3 {#R} 0-1

[Event "Ch Slovakia (team) 2000/01 (2 liga) (a)"]
[Site "Slovakia"]
[Round "5"]
[White "Szitkey Milan (SVK)"]
[Black "Kocmal Jaroslav (SVK)"]
[Result "1-0"]
[WhiteElo "2224"]
[BlackElo "1985"]

1.e4 e6 2.d4 d5 3.Nd2 Nf6 4.e5 Nfd7 5.Bd3 c5 6.c3 Nc6 7.Ne2 cxd4 8.cxd4 Bb4
9.O-O O-O 10.Nf3 f6 11.exf6 Qxf6 12.Bg5 Qf7 13.a3 Be7 14.b4 e5 15.Bxe7 Qxe7
16.Nxe5 Ndxe5 17.dxe5 Nxe5 18.Bc2 Qf7 19.Bb3 Be6 20.Nd4 Rad8 21.Qe2 Qf6
22.Rae1 {#r} 1-0

[Event "It (open)"]
[Site "Southend (England)"]
[Round "7"]
[White "McDonnell James J (IRL)"]
[Black "Player Edmund C (ENG)"]
[Result "0-1"]
[WhiteElo "2044"]
[BlackElo "2094"]

1.e4 e6 2.d4 d5 3.Nd2 Nf6 4.e5 Nfd7 5.Bd3 c5 6.c3 Nc6 7.Ne2 cxd4 8.cxd4 f6
9.exf6 Nxf6 10.O-O Qb6 11.Nf3 Bd6 12.Nc3 Bd7 13.a3 Nxd4 14.Nxd4 Qxd4 15.Bg6+
hxg6 16.Qxd4 Bxh2+ {#R} 0-1

[Event "It (open)"]
[Site "St. Lo (France)"]
[Round "3"]
[White "Zaragatski Ilja (GER)"]
[Black "Housieaux David (FRA)"]
[Result "0-1"]
[WhiteElo "2193"]
[BlackElo "2252"]

1.e4 e6 2.d4 d5 3.Nd2 Nf6 4.e5 Nfd7 5.c3 c5 6.Bd3 Nc6 7.Ne2 cxd4 8.cxd4 f6
9.exf6 Nxf6 10.Nf3 Bd6 11.O-O O-O 12.Bg5 Qb6 13.Nc3 Bd7 14.Rc1 Rac8 15.Qd2 Ng4
16.Na4 Qc7 17.h3 Rxf3 18.hxg4 Bf4 19.Qc2 Bxg5 20.gxf3 Bxc1 21.Bxh7+ Kh8
22.Rxc1 Qf4 23.Bg6 Ne7 24.Nc3 Nxg6 {#R} 0-1

[Event "It (cat.4)"]
[Site "Stockholm (Sweden)"]
[Round "7"]
[White "Skytte Rasmus (DEN)"]
[Black "Olsson Anders (SWE)"]
[Result "1-0"]
[WhiteElo "2323"]
[BlackElo "2241"]

1.e4 e6 2.d4 d5 3.Nd2 Nf6 4.e5 Nfd7 5.Bd3 c5 6.c3 Nc6 7.Ne2 cxd4 8.cxd4 f6
9.exf6 Nxf6 10.Nf3 Bd6 11.O-O O-O 12.Bf4 Bxf4 13.Nxf4 Ne4 14.g3 Ng5 15.Ne5
Nxe5 16.dxe5 Rxf4 17.gxf4 Nh3+ 18.Kh1 Nxf4 19.Rg1 Qc7 20.Rg4 Qxe5 21.Qa4 Qh5
22.Qxf4 e5 23.Rxg7+ {#r} 1-0

[Event "It (open)"]
[Site "Suwalki (Poland)"]
[Round "0"]
[White "Klusowski Marek (POL)"]
[Black "Zdancewicz Jaroslaw (POL)"]
[Result "1-0"]
[WhiteElo "2050"]
[BlackElo "2110"]

1.e4 e6 2.d4 d5 3.Nd2 Nf6 4.e5 Nfd7 5.Bd3 c5 6.c3 Nc6 7.Ne2 cxd4 8.cxd4 f6
9.Nf4 Nxd4 10.Qh5+ Ke7 11.Ng6+ hxg6 12.exf6+ Kxf6 13.Qxh8 Kf7 14.Qh3 Nc5
15.Bxg6+ Kxg6 16.Qg4+ Kh7 17.Qxd4 e5 18.Qe3 d4 19.Qe2 Qg5 20.Nf3 Qxg2 21.Rg1
{#r} 1-0

[Event "Ch Russia (juniors) (under 14)"]
[Site "Toljatti (Russia)"]
[Round "3"]
[White "Barbitskij Aleksey (RUS)"]
[Black "Shkliar Alexander (RUS)"]
[Result "1-0"]
[WhiteElo "2244"]
[BlackElo "2246"]

1.e4 e6 2.d4 d5 3.Nd2 Nf6 4.e5 Nfd7 5.Bd3 c5 6.c3 Nc6 7.Ne2 cxd4 8.cxd4 f6
9.Nf4 Nxd4 10.Qh5+ Ke7 11.Ng6+ hxg6 12.exf6+ Nxf6 13.Qxh8 Kf7 14.f4 Qb6 15.O-O
Nf5+ 16.Kh1 Ng4 17.Nf3 Nf2+ 18.Rxf2 Qxf2 19.Bd2 Bd6 20.Bxf5 gxf5 21.Bc3 Bxf4
22.Qxg7+ Ke8 23.Bb4 {#r} 1-0

[Event "Ch Romania (1/2 final)"]
[Site "Tusnad (Romania)"]
[Round "3"]
[White "Baratosi Daniel (ROM)"]
[Black "Moraru Alexandru (ROM)"]
[Result "1-0"]
[WhiteElo "2079"]
[BlackElo "2004"]

1.e4 e6 2.d4 d5 3.Nd2 Nf6 4.e5 Nfd7 5.Bd3 c5 6.c3 cxd4 7.cxd4 Nc6 8.Ne2 Nb4
9.Bb1 b6 10.a3 Nc6 11.Bd3 Bb7 12.Nf3 Rc8 13.O-O Be7 14.Ne1 O-O 15.f4 f5 16.Rf3
a5 17.Be3 Na7 18.Rh3 b5 19.Nc3 Ba6 20.Qh5 h6 21.Qg6 Rc6 22.Rxh6 Qe8 23.Qh7+
Kf7 24.Be2 {#r} 1-0

[Event "It (open)"]
[Site "Ubeda (Spain)"]
[Round "3"]
[White "Vokarev Sergey (RUS)"]
[Black "Prakken Gerrit (NED)"]
[Result "1-0"]
[WhiteElo "2469"]
[BlackElo "2280"]

1.e4 e6 2.d4 d5 3.Nd2 Nf6 4.e5 Nfd7 5.Bd3 c5 6.c3 Nc6 7.Ne2 cxd4 8.cxd4 Qb6
9.Nf3 f6 10.exf6 Nxf6 11.O-O Bd6 12.b3 O-O 13.Bf4 Bxf4 14.Nxf4 Bd7 15.Re1 Rae8
16.Qd2 Kh8 17.Bc2 Nxd4 18.Qxd4 Qxd4 19.Nxd4 e5 20.Bg6 {#r} 1-0

[Event "Ch Slovakia (open)"]
[Site "Zvolen (Slovakia)"]
[Round "2"]
[White "Jasny Stanislav (CZE)"]
[Black "Hlas Jan (SVK)"]
[Result "1-0"]
[WhiteElo "1858"]
[BlackElo "2192"]

1.e4 e6 2.d4 d5 3.Nd2 Nf6 4.e5 Nfd7 5.Bd3 c5 6.c3 Nc6 7.Ne2 cxd4 8.cxd4 f6
9.exf6 Nxf6 10.O-O Bd6 11.Nf3 Qc7 12.g3 O-O 13.Bf4 Bd7 14.Rc1 Rae8 15.Re1 Kh8
16.Be5 Ng4 17.Nf4 Ngxe5 18.dxe5 Be7 19.Nd4 Bd8 20.Qh5 {#r} 1-0

[Event "It (open)"]
[Site "Agtelek (Hungary)"]
[Date "2000.03.10"]
[Round "4"]
[White "Boricsev Oleg (HUN)"]
[Black "Barva Attila (HUN)"]
[Result "0-1"]
[WhiteElo "2348"]
[BlackElo "2417"]

1.e4 e6 2.d4 d5 3.Nd2 Nf6 4.e5 Nfd7 5.Bd3 c5 6.c3 Nc6 7.Ne2 cxd4 8.cxd4 f6
9.Nf4 Nxd4 10.Qh5+ Ke7 11.Ng6+ hxg6 12.exf6+ Nxf6 13.Qxh8 e5 14.Bxg6 e4 15.b3
Qa5 16.a4 Nc2+ 17.Kd1 Qc3 18.Ra2 Ne3+ 19.fxe3 Bg4+ 20.Nf3 Qxb3+ 21.Ke1 Qxa2
22.Nd4 Rc8 23.Bd2 Kd7 24.Qh4 Qxd2+ {#R} 0-1

[Event "Tournament (provincial) (seniors)"]
[Site "Aragon (Spain)"]
[Round "6"]
[White "Huguet Sergio (HON)"]
[Black "Plo Palacian Sandra (ESP)"]
[Result "1-0"]
[WhiteElo "2072"]
[BlackElo "1980"]

1.e4 e6 2.d4 d5 3.Nd2 Nf6 4.Bd3 c5 5.e5 Nfd7 6.c3 Nc6 7.Ndf3 cxd4 8.cxd4 f6
9.exf6 Nxf6 10.Ne2 Bd6 11.Bg5 O-O 12.O-O Qb6 13.Nc3 Bd7 14.Re1 Rae8 15.a3 a5
16.Bc2 Qd8 17.Qd3 g6 18.h4 Qb8 19.Bh6 Rf7 20.Ng5 Rfe7 21.h5 Nxh5 22.Nxh7 Rxh7
23.Qxg6+ Rg7 24.Qxh5 {#r} 1-0

[Event "Ch Europe (team) (juniors) (under 18)"]
[Site "Balatonlelle (Hungary)"]
[Round "7"]
[White "Lazar Ales Ml (SLO)"]
[Black "Hennemann Xavier (FRA)"]
[Result "1-0"]
[WhiteElo "2274"]
[BlackElo "2134"]

1.e4 e6 2.d4 d5 3.Nd2 Nf6 4.e5 Nfd7 5.Bd3 c5 6.c3 Nc6 7.Ne2 cxd4 8.cxd4 f6
9.exf6 Nxf6 10.Nf3 Bd6 11.O-O O-O 12.Bf4 Ne4 13.g3 Qf6 14.h4 e5 15.dxe5 Nxe5
16.Bxe4 dxe4 17.Nxe5 Rd8 18.Bg5 Bxe5 19.Bxf6 Rxd1 20.Bxe5 Rxf1+ 21.Kxf1 Bh3+
22.Ke1 Re8 23.Bd4 {#r} 1-0

[Event "Tournament (Elo)"]
[Site "Budapest (Hungary)"]
[Round "3"]
[White "Magalotti Andrea (ITA)"]
[Black "Szabo Krisztian (HUN)"]
[Result "0-1"]
[WhiteElo "2157"]
[BlackElo "2235"]

1.e4 e6 2.d4 d5 3.Nd2 Nf6 4.e5 Nfd7 5.Bd3 c5 6.c3 Nc6 7.Ne2 cxd4 8.cxd4 f6
9.exf6 Nxf6 10.O-O Bd6 11.Nf3 O-O 12.Bg5 Bd7 13.Rc1 Qc7 14.Nc3 a6 15.Bb1 Be8
16.Re1 Bh5 17.Rxe6 Bxf3 18.Qxf3 Nxd4 19.Qh3 Nxe6 20.Qxe6+ Kh8 21.Qh3 Qf7
22.Nxd5 Ne4 23.Bf4 Ng5 24.Qd3 Bxf4 {#R} 0-1

[Event "Tournament (Elo)"]
[Site "Budapest (Hungary)"]
[Round "4"]
[White "Feller Joseph (LUX)"]
[Black "Fischer Daniel (GER)"]
[Result "1-0"]
[WhiteElo "2181"]
[BlackElo "2124"]

1.e4 e6 2.d4 d5 3.Nd2 Nf6 4.e5 Nfd7 5.Bd3 c5 6.c3 Nc6 7.Ne2 cxd4 8.cxd4 Nb6
9.O-O Bd7 10.Nf3 Be7 11.a3 a5 12.Be3 a4 13.Nf4 g6 14.Nh3 Na5 15.Nfg5 Nbc4
16.Qf3 O-O 17.Nxh7 Kxh7 18.Qh5+ Kg8 19.Bxg6 fxg6 20.Qxg6+ Kh8 21.Qh5+ Kg8
22.Bh6 Qe8 23.Qg4+ {#r} 1-0

[Event "Memorial M.Najdorf (juniors)"]
[Site "Buenos Aires (Argentina)"]
[Round "7"]
[White "Obregon Andres Carlos (ARG)"]
[Black "Bulo Paulo (ARG)"]
[Result "1-0"]
[WhiteElo "2265"]
[BlackElo "2209"]

1.e4 e6 2.d4 d5 3.Nd2 Nf6 4.e5 Nfd7 5.Bd3 c5 6.c3 Nc6 7.Ne2 cxd4 8.cxd4 f6
9.exf6 Nxf6 10.O-O Bd6 11.Nf3 O-O 12.Nc3 Bd7 13.Bg5 Qe7 14.Bh4 h6 15.Bg3 Be8
16.Qd2 Bxg3 17.fxg3 Bh5 18.Bc2 Rae8 19.Kh1 Bxf3 20.gxf3 Kh8 21.Rad1 {#r} 1-0

[Event "It (b)"]
[Site "Castelldefels (Spain)"]
[Round "6"]
[White "Illan Garcia Francisco (ESP)"]
[Black "Casas Mor Carles (ESP)"]
[Result "0-1"]
[WhiteElo "1988"]
[BlackElo "2016"]

1.e4 e6 2.d4 d5 3.Nd2 Nf6 4.e5 Nfd7 5.Bd3 c5 6.c3 Nc6 7.Ne2 cxd4 8.cxd4 f6
9.Nf4 Nxd4 10.Qh5+ Ke7 11.Ng6+ hxg6 12.exf6+ Nxf6 13.Qxh8 Kf7 14.O-O e5 15.Nf3
Nxf3+ 16.gxf3 Nh5 17.Kh1 Qh4 18.Bxg6+ Kxg6 19.Qxf8 Qh3 20.Rg1+ Kh7 21.Bh6 Bg4
22.Rg3 Rxf8 23.Rxh3 Bxh3 {#R} 0-1

[Event "Ch Europe (juniors) (under 16) (g)"]
[Site "Chalkidiki (Greece)"]
[Round "7"]
[White "Czaeczine Anne (GER)"]
[Black "Hari Veronika (SLO)"]
[Result "1-0"]
[WhiteElo "2022"]
[BlackElo "2058"]

1.e4 e6 2.d4 d5 3.Nd2 Nf6 4.e5 Nfd7 5.c3 c5 6.Bd3 Nc6 7.Ne2 cxd4 8.cxd4 f6
9.exf6 Nxf6 10.Nf3 Bd6 11.O-O Qc7 12.g3 g6 13.Bf4 Bxf4 14.Nxf4 O-O 15.Re1 Nxd4
16.Nxd4 e5 17.Nfe6 Qb6 18.Nxf8 Qxd4 19.Nxg6 Ng4 20.Qe2 hxg6 21.Bxg6 e4 22.Rac1
Qh8 23.Rxc8+ Rxc8 {#r} 1-0

[Event "Ch Argentina (juniors) (under 20)"]
[Site "Ezeiza (Argentina)"]
[Round "1"]
[White "Gastiaburo Hernan (ARG)"]
[Black "Gargiulo Lucas (ARG)"]
[Result "1-0"]
[WhiteElo "2235"]
[BlackElo "2170"]

1.e4 e6 2.d4 d5 3.Nd2 Nf6 4.e5 Nfd7 5.Bd3 c5 6.c3 Nc6 7.Ne2 cxd4 8.cxd4 f6
9.exf6 Nxf6 10.Nf3 Bd6 11.O-O O-O 12.Bf4 Bxf4 13.Nxf4 Ne4 14.g3 Qf6 15.h4 Nxd4
16.Bxe4 dxe4 17.Nxd4 e5 18.Nd5 Qf7 19.Nb5 Bh3 20.Nd6 Qd7 21.Nxe4 Bxf1 22.Ndf6+
{#r} 1-0

[Event "Ch Pan-American (juniors) (under 18)"]
[Site "Guaymallen (Argentina)"]
[Round "6"]
[White "Roisman Fabio (ARG)"]
[Black "Schneider Dmitry (USA)"]
[Result "0-1"]
[WhiteElo "2266"]
[BlackElo "2401"]

1.e4 e6 2.d4 d5 3.Nd2 Nf6 4.e5 Nfd7 5.c3 c5 6.Bd3 cxd4 7.cxd4 Nc6 8.Ne2 f6
9.exf6 Nxf6 10.O-O Bd6 11.Nf3 Qc7 12.Nc3 a6 13.Bg5 O-O 14.Re1 Ng4 15.h3 Bh2+
16.Kf1 Nxf2 17.Kxf2 Qg3+ 18.Ke3 Rxf3+ 19.Qxf3 Qxg5+ 20.Kf2 Nxd4 21.Qg4 Qf6+
22.Ke3 Qh6+ 23.Kf2 e5 {#R} 0-1

[Event "Memorial T.Sorensen"]
[Site "Holbaek (Denmark)"]
[Round "6"]
[White "Skjoldborg Jesper (SWE)"]
[Black "Larsen Peder (DEN)"]
[Result "1-0"]
[WhiteElo "2236"]
[BlackElo "2034"]

1.e4 e6 2.d4 d5 3.Nd2 Nf6 4.e5 Nfd7 5.Bd3 c5 6.c3 Nc6 7.Ne2 Qb6 8.Nf3 cxd4
9.cxd4 f6 10.exf6 Nxf6 11.O-O Bd6 12.b3 Qc7 13.Bg5 O-O 14.Bh4 Nh5 15.Qc2 g6
16.Bxg6 Rxf3 17.Bxh5 Rf5 18.Bg4 Bxh2+ 19.Kh1 Rf4 20.f3 h5 21.Qg6+ Kf8 22.Qxh5
Kg7 23.g3 Rf8 24.Bg5 {#r} 1-0

[Event "Ch Hungary (team) 2000/01 (2 liga)"]
[Site "Hungary"]
[Round "11"]
[White "Dede Erno (HUN)"]
[Black "Gara Gyorgy (HUN)"]
[Result "1-0"]
[WhiteElo "2372"]
[BlackElo "2181"]

1.e4 e6 2.d4 d5 3.Nd2 Nf6 4.e5 Nfd7 5.Bd3 c5 6.c3 Nc6 7.Ne2 cxd4 8.cxd4 f6
9.exf6 Nxf6 10.O-O Bd6 11.Nf3 O-O 12.Bf4 Bxf4 13.Nxf4 Qb6 14.Re1 Ne4 15.g3 Bd7
16.Bxe4 dxe4 17.Rxe4 Rad8 18.Qe2 Bc8 19.Rd1 e5 20.Qc4+ Kh8 21.Ng6+ {#r} 1-0

[Event "Ch Europe (team)"]
[Site "Leon (Spain)"]
[Round "4"]
[White "Tiviakov Sergei (NED)"]
[Black "Hertneck Gerald (GER)"]
[Result "1-0"]
[WhiteElo "2599"]
[BlackElo "2570"]

1.e4 e6 2.d4 d5 3.Nd2 { Tarrasch system of the French Defence. } 3...Nf6 4.e5
Nfd7 5.c3 c5 6.Bd3 Nc6 7.Ne2 cxd4 8.cxd4 f6 9.exf6 { Just recently, in CT-364
we discussed another popular line } ( 9.Nf4 ) 9...Qxf6 { !? } ( 9...Nxf6 )
10.Nf3 h6 11.O-O Bd6 12.Ng3 { White also has another ways here, for example: }
( 12.Nc3 O-O 13.Be3 Rd8 14.a3 Nf8 15.Qc2 Bd7 16.Rfe1 Be8 17.Rad1 Bg6 18.h3 Rd7
{ Mamedov - Radjabov, Cannes 1997. } ) 12...O-O 13.Bc2 { In many lines the
battery "bishop c2 + queen d3" will be very unpleasant because black has
weaken his king with h7-h6!. } 13...Rd8 { Black is ready to play Nd7-f8 to
protect his king now. } 14.Re1 Nf8 { Sooner or later black has to do this move
in order to develop the c8 bishop. But now white can occupy the weak e5
square. } 15.Ne5 Bxe5 { Black has tried another ways here, but without
success, for example: } ( 15...Qh4 16.f4 Bd7 17.Be3 Be8 18.Rf1 Rac8 19.Rc1 Rc7
20.Qd2 Rdc8 21.Bb1 Bb4 22.Qf2 { ? Nadyrhanov - Shapar, Krasnodar 2001. } ) (
15...Bd7 16.f4 Be8 17.Be3 Qh4 18.Rf1 Ne7 19.f5 Bxe5 20.dxe5 exf5 21.Rf4 Qg5
22.Qf3 Neg6 23.Rxf5 Qe7 24.Rf1 { ± Motylev - Iljushin, Samara 2000. } )
16.dxe5 Qh4 ( 16...Nxe5 { ?? } 17.Nh5 { +?? } ) 17.Nh5 { !? A novelty which
looks very strong. As we wrote yesterday, very often a crude threat is the
best threat. White simply wants to checkmate his opponent's king. } ( 17.f4
Bd7 18.Be3 Rac8 19.Rc1 Be8 20.f5 Nxe5 21.fxe6 Ng4 22.h3 Nxe3 23.Rxe3 d4 { ? Ni
Hua - Zhang Pengxiang, China 2001. } ) 17...Rd7 { Black has to defend the
g7-point. Worse was } ( 17...Bd7 18.Re3 Be8 19.Nxg7 { ! } 19...Kxg7 20.Rh3
Qxh3 ( 20...Qd4 21.Bxh6+ Kg8 22.Rg3+ { +?? } ) ) 18.Re3 Rf7 19.f4 Qd8 { Black
couldn't play } ( 19...Ne7 { (with idea Nf5) in view of } 20.Rh3 { , so he
prepares this move. } ) ( 19...Bd7 { and the following line isn't very clear:
} 20.Nf6+ { ?! } 20...gxf6 21.Rh3 Qxh3 22.gxh3 fxe5 23.fxe5 Nxe5 { ? } )
20.Rg3 Ne7 { ?? It's a blunder, after } ( 20...Kh8 { all the struggle will be
ahead. } ) 21.Nf6+ { Of course. Black resigned in view of 1-0, Tiviakov,
Sergei(2599) - Hertneck, Gerald(2570), Leon ESP 9.11.2001 EuTCh } ( 21.Nf6+
Kh8 22.Qh5 { ! and rook f7 is undefendable. } ) {#r} 1-0

[Event "Memorial Pablo Gorbea (open)"]
[Site "Madrid (Spain)"]
[Round "2"]
[White "Lorenzini Martin (ARG)"]
[Black "Mas Recorda Pere (ESP)"]
[Result "1-0"]
[WhiteElo "2367"]
[BlackElo "2081"]

1.e4 e6 2.d4 d5 3.Nd2 Nf6 4.e5 Nfd7 5.Bd3 c5 6.c3 Nc6 7.Ne2 Qb6 8.Nf3 cxd4
9.cxd4 Bb4+ 10.Bd2 Bxd2+ 11.Qxd2 Qb4 12.Rc1 O-O 13.Rc3 f6 14.Qc2 fxe5 15.Bxh7+
Kh8 16.a3 Qb6 17.Ng5 Rf6 18.O-O Nd8 19.Rxc8 Rxc8 20.Qxc8 exd4 21.Qxd7 Rf8
22.Qe7 {#r} 1-0

[Event "It (open)"]
[Site "Marin (Spain)"]
[Round "1"]
[White "Cabaleiro Reimondez Pablo (ESP)"]
[Black "Garcia Carbo Marcial (ESP)"]
[Result "0-1"]
[WhiteElo "1892"]
[BlackElo "2354"]

1.e4 e6 2.d4 d5 3.Nd2 Nf6 4.e5 Nfd7 5.Bd3 c5 6.c3 Nc6 7.Ne2 cxd4 8.cxd4 f6
9.exf6 Nxf6 10.Nf3 Bd6 11.O-O Qc7 12.Bg5 O-O 13.Re1 Bd7 14.Nc3 Ng4 15.g3 a6
16.Bh4 h6 17.h3 Nxf2 18.Kxf2 Nxd4 19.Bh7+ Kxh7 20.Qxd4 Bc5 {#R} 0-1

[Event "Sub-zt"]
[Site "Merida (Mexico)"]
[Round "8"]
[White "Mieles Palau Daniel (ECU)"]
[Black "Ostos Julio (VEN)"]
[Result "1-0"]
[WhiteElo "2420"]
[BlackElo "2338"]

1.e4 e6 2.d4 d5 3.Nd2 Nf6 4.Bd3 c5 5.e5 Nfd7 6.c3 Nc6 7.Ne2 Qb6 8.Nf3 cxd4
9.cxd4 f6 10.exf6 Nxf6 11.O-O Bd6 12.Nc3 O-O 13.a3 a6 14.Bg5 Kh8 15.Bc2 Bd7
16.Re1 Rae8 17.Bh4 Bc8 18.Qd3 g6 19.Bxf6+ {#r} 1-0

[Event "It (open)"]
[Site "Nova Gorica (Slovenia)"]
[Round "6"]
[White "Petrovic Marija (SRB)"]
[Black "Karer Gregor (SLO)"]
[Result "0-1"]
[WhiteElo "2244"]
[BlackElo "2128"]

1.e4 e6 2.d4 d5 3.Nd2 Nf6 4.e5 Nfd7 5.Bd3 c5 6.c3 Nc6 7.Ne2 cxd4 8.cxd4 f6
9.Nf4 Nxd4 10.Qh5+ Ke7 11.exf6+ Nxf6 12.Ng6+ hxg6 13.Qxh8 Kf7 14.b3 Qa5 15.Bb2
Bb4 16.Bxd4 Bxd2+ 17.Ke2 e5 18.Qh4 exd4 19.a3 Qc3 20.f3 Bd7 21.Qf2 Re8+ {#R}
0-1